[Event "SVK-chT2C 2425"]
[Site "Slovakia"]
[Date "2024.11.10"]
[Round "2.6"]
[White "Mikova, Miriam"]
[Black "Listiak, Juraj"]
[Result "1/2-1/2"]
[WhiteElo "1934"]
[BlackElo "1946"]
[PlyCount "99"]
[EventDate "2024.11.09"]
[EventType "team-tourn"]
[EventRounds "11"]
[EventCountry "SVK"]
[SourceTitle "CB51_2024"]
[SourceDate "2024.12.18"]
[SourceVersion "1"]
[SourceVersionDate "2024.12.18"]
[SourceQuality "1"]
[WhiteTeam "Cadca Caissa II"]
[BlackTeam "Banska Bystrica PSK"]
[WhiteTeamCountry "SVK"]
[BlackTeamCountry "SVK"]

1. d4 d5 2. c4 e6 3. g3 Nf6 4. Bg2 c6 5. Nf3 Nbd7 6. Nc3 Be7 7. 0-0 0-0 8. Qc2 b6 9. cxd5 exd5 10. b3 Ba6 11. Re1 Rc8 12. Bb2 c5 13. Rac1 Re8 14. Qb1 Bf8 15. Bh3 Rc7 16. Rcd1 c4 17. Ne5 Qa8 18. Bg2 b5 19. a3 b4 20. axb4 Bxb4 21. Qa2 cxb3 22. Qxa6 Bxc3 23. Rc1 Rec8 24. Bxc3 Rxc3 25. Rxc3 Rxc3 26. Qb5 Qb8 27. Qa5 Qc7 28. Qa1 Nb6 29. Nd3 Rc2 30. Rb1 Rxe2 31. Rxb3 Qc2 32. Nf4 Re8 33. Rb2 Qc3 34. Rb1 Qxa1 35. Rxa1 Re7 36. Kf1 Ne4 37. Bh3 Nd2+ 38. Kg2 Nb3 39. Rb1 Nd2 40. Rb5 g6 41. Nxd5 Nxd5 42. Rxd5 f5 43. Ra5 Rd7 44. d5 Kf7 45. Ra2 Ne4 46. Kf1 Nc3 47. Ra5 Nxd5 48. g4 Kf6 49. gxf5 gxf5 50. f4 1/2-1/2

[Event "SVK-chT2C 2324"]
[Site "Slovakia"]
[Date "2024.03.17"]
[Round "11.5"]
[White "Adamcik, Robert"]
[Black "Listiak, Juraj"]
[Result "0-1"]
[WhiteElo "1982"]
[BlackElo "1946"]
[PlyCount "46"]
[EventDate "2023.10.07"]
[EventType "team-tourn"]
[EventRounds "11"]
[EventCountry "SVK"]
[SourceTitle "EXT 2025"]
[Source "ChessBase"]
[SourceDate "2024.10.14"]
[SourceVersion "1"]
[SourceVersionDate "2024.10.14"]
[SourceQuality "1"]
[WhiteTeam "Cadca Caissa II"]
[BlackTeam "Banska Bystrica PSK"]
[WhiteTeamCountry "SVK"]
[BlackTeamCountry "SVK"]

1. Nf3 Nf6 2. d4 d5 3. c3 e6 4. Bg5 Be7 5. e3 Nbd7 6. Bd3 c5 7. Nbd2 b6 8. Ke2 Bb7 9. Qc2 c4 10. Bxc4 dxc4 11. Rae1 b5 12. e4 Rc8 13. Kf1 0-0 14. Rg1 Nxe4 15. Bxe7 Nxd2+ 16. Qxd2 Qxe7 17. Qf4 Qf6 18. Qg3 Qg6 19. Qh3 Be4 20. Ke2 Bxf3+ 21. Qxf3 e5 22. Kf1 exd4 23. g4 d3 0-1

[Event "SVK-chT2C 2324"]
[Site "Slovakia"]
[Date "2024.01.14"]
[Round "7.3"]
[White "Aliev, Pavel"]
[Black "Listiak, Juraj"]
[Result "1-0"]
[WhiteElo "1992"]
[BlackElo "1946"]
[PlyCount "73"]
[EventDate "2023.10.07"]
[EventType "team-tourn"]
[EventRounds "11"]
[EventCountry "SVK"]
[SourceTitle "EXT 2025"]
[Source "ChessBase"]
[SourceDate "2024.10.14"]
[SourceVersion "1"]
[SourceVersionDate "2024.10.14"]
[SourceQuality "1"]
[WhiteTeam "Filakovo"]
[BlackTeam "Banska Bystrica PSK"]
[WhiteTeamCountry "SVK"]
[BlackTeamCountry "SVK"]

1. e4 c6 2. c4 d5 3. cxd5 cxd5 4. exd5 Nf6 5. Qa4+ Nbd7 6. Nc3 g6 7. Nf3 Bg7 8. Bc4 0-0 9. d3 a6 10. Qa3 Nb6 11. Qb3 Qc7 12. Be3 Nbd7 13. d4 b5 14. Bd3 Bb7 15. a4 bxa4 16. Rxa4 Rab8 17. Qa3 Nb6 18. Ra5 Nfxd5 19. 0-0 Nxc3 20. Qxc3 Rfc8 21. Qxc7 Rxc7 22. Bf4 e5 23. dxe5 Nc4 24. e6 Nxa5 25. Bxc7 Re8 26. exf7+ Kxf7 27. Bxa5 Rc8 28. b4 Rc3 29. Be4 Bxe4 30. Ng5+ Kg8 31. Nxe4 Rc4 32. Nc5 Bc3 33. Nxa6 Kf7 34. g3 Ke6 35. Rc1 Kd5 36. Nc7+ Ke5 37. b5 1-0

[Event "SVK-chT2C 2324"]
[Site "Slovakia"]
[Date "2023.12.03"]
[Round "6.4"]
[White "Hangay, Oliver"]
[Black "Listiak, Juraj"]
[Result "1-0"]
[WhiteElo "1941"]
[BlackElo "1946"]
[PlyCount "81"]
[EventDate "2023.10.07"]
[EventType "team-tourn"]
[EventRounds "11"]
[EventCountry "SVK"]
[SourceTitle "EXT 2025"]
[Source "ChessBase"]
[SourceDate "2024.10.14"]
[SourceVersion "1"]
[SourceVersionDate "2024.10.14"]
[SourceQuality "1"]
[WhiteTeam "Cebovce II"]
[BlackTeam "Banska Bystrica PSK"]
[WhiteTeamCountry "SVK"]
[BlackTeamCountry "SVK"]

1. e4 c6 2. d4 d5 3. Nc3 dxe4 4. Nxe4 Nf6 5. Nxf6+ exf6 6. c3 Bd6 7. Bd3 0-0 8. Qc2 Re8+ 9. Ne2 g6 10. h4 Nd7 11. h5 Nf8 12. Bh6 f5 13. 0-0-0 Qf6 14. f4 Ne6 15. Kb1 Bf8 16. hxg6 fxg6 17. Rdf1 Bxh6 18. Rxh6 Nf8 19. Qc1 Be6 20. g4 Re7 21. Ng3 Qg7 22. Rh2 Qf6 23. gxf5 Bxf5 24. Nxf5 gxf5 25. Rh5 Rae8 26. Rxf5 Qh4 27. Re5 Ng6 28. Bxg6 hxg6 29. Rfe1 Rxe5 30. fxe5 Re6 31. Rg1 Qe4+ 32. Qc2 Qxc2+ 33. Kxc2 Kg7 34. Kd3 Re8 35. Rh1 g5 36. c4 Kg6 37. Rf1 Rh8 38. d5 Rh3+ 39. Kd4 Rh4+ 40. Kc5 Re4 41. e6 1-0

[Event "SVK-chT2C 2324"]
[Site "Slovakia"]
[Date "2023.12.02"]
[Round "5.5"]
[White "Listiak, Juraj"]
[Black "Valuska, Jan"]
[Result "1-0"]
[WhiteElo "1946"]
[BlackElo "1917"]
[PlyCount "103"]
[EventDate "2023.10.07"]
[EventType "team-tourn"]
[EventRounds "11"]
[EventCountry "SVK"]
[SourceTitle "EXT 2025"]
[Source "ChessBase"]
[SourceDate "2024.10.14"]
[SourceVersion "1"]
[SourceVersionDate "2024.10.14"]
[SourceQuality "1"]
[WhiteTeam "Banska Bystrica PSK"]
[BlackTeam "Detva"]
[WhiteTeamCountry "SVK"]
[BlackTeamCountry "SVK"]

1. e4 e5 2. Nf3 Nc6 3. Bb5 d6 4. d4 Bd7 5. c4 exd4 6. Nxd4 Nxd4 7. Bxd7+ Qxd7 8. Qxd4 Nf6 9. Nc3 Be7 10. 0-0 0-0 11. f3 h6 12. Be3 b6 13. Rad1 Qc6 14. b4 a6 15. Rc1 Qb7 16. Nd5 Bd8 17. Rfd1 c5 18. Nxf6+ Bxf6 19. Qxd6 Rad8 20. Qg3 Bd4 21. Bxd4 cxd4 22. Rd3 Qe7 23. a3 Rd7 24. e5 a5 25. bxa5 bxa5 26. Qf4 Qc5 27. Qe4 Rfd8 28. f4 Re7 29. g4 a4 30. Kg2 g6 31. h4 Qc8 32. f5 Qc5 33. fxg6 Rxe5 34. gxf7+ Kg7 35. Qf4 Qe7 36. Rf1 Rf8 37. Qxd4 Kh7 38. Rdf3 Re4 39. Qd3 Kg7 40. Kh3 h5 41. Rg3 Qe6 42. Qf3 Rxc4 43. Qf5 Qxf5 44. Rxf5 hxg4+ 45. Rxg4+ Rxg4 46. Kxg4 Rxf7 47. Rxf7+ Kxf7 48. Kf5 Kg7 49. Ke5 Kh6 50. Kd5 Kh5 51. Kc5 Kxh4 52. Kb5 1-0

[Event "SVK-chT2C 2122"]
[Site "Slovakia"]
[Date "2021.10.17"]
[Round "2.4"]
[White "Listiak, Juraj"]
[Black "Magat, Jozef"]
[Result "1/2-1/2"]
[WhiteElo "1964"]
[BlackElo "2034"]
[PlyCount "91"]
[EventDate "2021.10.16"]
[EventType "team-tourn"]
[EventRounds "11"]
[EventCountry "SVK"]
[SourceTitle "EXT 2023"]
[Source "ChessBase"]
[SourceDate "2022.10.05"]
[SourceVersion "1"]
[SourceVersionDate "2022.10.05"]
[SourceQuality "1"]
[WhiteTeam "Banska Bystrica Kurta"]
[BlackTeam "Kysucke Nove Mesto"]
[WhiteTeamCountry "SVK"]
[BlackTeamCountry "SVK"]

1. e4 g6 2. Nc3 Bg7 3. g3 c5 4. Bg2 Nc6 5. Nge2 Nf6 6. 0-0 0-0 7. d3 d6 8. h3 a6 9. f4 Qc7 10. g4 Rb8 11. Ng3 b5 12. g5 Ne8 13. Nd5 Qd8 14. f5 Bd4+ 15. Kh1 e6 16. Nc3 Be5 17. Nce2 Nd4 18. f6 Bb7 19. c3 Nxe2 20. Nxe2 Nxf6 21. gxf6 Bxf6 22. Bf4 e5 23. Bh6 Bg7 24. Qd2 d5 25. Bxg7 Kxg7 26. Rad1 f5 27. exf5 Rxf5 28. Rxf5 gxf5 29. d4 Qh4 30. dxe5 d4 31. Qf4 Qxh3+ 32. Qh2 Bxg2+ 33. Kg1 Qxh2+ 34. Kxh2 Bf3 35. Rg1+ Bg4 36. cxd4 Kf7 37. Nf4 cxd4 38. Rc1 Re8 39. Rc7+ Kg8 40. e6 d3 41. Rd7 Be2 42. Kg3 Kf8 43. Kf2 Re7 44. Rd5 Re8 45. Ke3 Re7 46. Rd8+ 1/2-1/2

[Event "SVK-chT2C 1819"]
[Site "Slovakia"]
[Date "2019.02.03"]
[Round "7.7"]
[White "Brnusak, Tomas"]
[Black "Listiak, Juraj"]
[Result "1-0"]
[WhiteElo "1944"]
[BlackElo "1978"]
[PlyCount "57"]
[EventDate "2018.10.13"]
[EventType "team-tourn"]
[EventRounds "11"]
[EventCountry "SVK"]
[SourceTitle "CBM 189 Extra"]
[Source "ChessBase"]
[SourceDate "2019.05.31"]
[SourceVersion "1"]
[SourceVersionDate "2019.05.31"]
[SourceQuality "1"]
[WhiteTeam "Liptov Chess School III"]
[BlackTeam "Banska Bystrica Kurta"]
[WhiteTeamCountry "SVK"]
[BlackTeamCountry "SVK"]

1. d4 d5 2. c4 e6 3. cxd5 exd5 4. Nc3 c6 5. Qc2 Bd6 6. Nf3 Ne7 7. e3 Bf5 8. Bd3 Bxd3 9. Qxd3 0-0 10. 0-0 f5 11. a3 Nd7 12. b4 a6 13. Ng5 Rf6 14. f4 Nb6 15. Nf3 Nc4 16. Ne5 b5 17. Bd2 a5 18. bxa5 Rxa5 19. a4 Qa8 20. Nxd5 cxd5 21. Bxa5 Qxa5 22. axb5 Qd2 23. Qxd2 Nxd2 24. Rf2 Ne4 25. Ra8+ Rf8 26. Rxf8+ Kxf8 27. Rc2 Nf6 28. b6 Ke8 29. b7 1-0

[Event "SVK-chT2C 1516"]
[Site "Slovakia"]
[Date "2015.10.18"]
[Round "2.6"]
[White "Murin, Pavol"]
[Black "Listiak, Juraj"]
[Result "1-0"]
[WhiteElo "2017"]
[BlackElo "1976"]
[PlyCount "73"]
[EventDate "2015.10.17"]
[EventType "team-tourn"]
[EventRounds "11"]
[EventCountry "SVK"]
[SourceTitle "CBM 169 Extra"]
[Source "ChessBase"]
[SourceDate "2015.12.18"]
[SourceVersion "1"]
[SourceVersionDate "2015.12.18"]
[SourceQuality "1"]
[WhiteTeam "Dolny Kubin"]
[BlackTeam "Banska Bystrica Kurta"]
[WhiteTeamCountry "SVK"]
[BlackTeamCountry "SVK"]

1. d4 d5 2. Nf3 e6 3. c4 c6 4. e3 Nf6 5. Nc3 Nbd7 6. Qc2 Bd6 7. g4 dxc4 8. Bxc4 Nb6 9. Bd3 Nfd5 10. a3 Nxc3 11. bxc3 Qf6 12. Qe2 e5 13. h3 Qe7 14. e4 f6 15. Kf1 Be6 16. a4 Nd7 17. a5 0-0 18. Kg2 Rae8 19. Be3 Kh8 20. Rab1 Rb8 21. Bc4 Bxc4 22. Qxc4 exd4 23. Qxd4 Bc5 24. Qd2 Bxe3 25. Qxe3 Rfe8 26. Qxa7 Nc5 27. Rhe1 Nd3 28. Re3 Nf4+ 29. Kf1 Qa3 30. Nd4 Qa2 31. Qb6 Qc4+ 32. Kg1 c5 33. Nf5 Rxe4 34. Qc7 Rg8 35. Nd6 Nxh3+ 36. Kh2 Re7 37. Qxe7 1-0

[Event "SVK-chT2C 1415"]
[Site "Slovakia"]
[Date "2014.10.12"]
[Round "2.8"]
[White "Listiak, Juraj"]
[Black "Tomcikova, Dominika"]
[Result "0-1"]
[WhiteElo "1980"]
[BlackElo "1616"]
[PlyCount "90"]
[EventDate "2014.10.11"]
[EventType "team-tourn"]
[EventRounds "11"]
[EventCountry "SVK"]
[SourceTitle "EXT 2016"]
[Source "ChessBase"]
[SourceDate "2015.10.08"]
[SourceVersion "1"]
[SourceVersionDate "2015.10.08"]
[SourceQuality "1"]
[WhiteTeam "Banska Bystrica Kurta"]
[BlackTeam "Rajecke Teplice"]
[WhiteTeamCountry "SVK"]
[BlackTeamCountry "SVK"]

1. e4 c6 2. d4 d5 3. exd5 cxd5 4. Bd3 Nc6 5. c3 Qc7 6. Ne2 Bg4 7. f3 Bd7 8. Bf4 e5 9. dxe5 Nxe5 10. 0-0 Bd6 11. Na3 a6 12. Re1 Ne7 13. Qd2 Nxd3 14. Bxd6 Qb6+ 15. Nd4 Nxe1 16. Bxe7 Nxf3+ 17. gxf3 Kxe7 18. Re1+ Kf8 19. b3 Re8 20. Rxe8+ Kxe8 21. Qe3+ Be6 22. f4 g6 23. Kg2 Qd6 24. Nac2 Kd7 25. Nf3 f6 26. Qd4 Re8 27. Ne3 Bf7 28. f5 Re4 29. Qd3 gxf5 30. Nxf5 Qf4 31. N3d4 Bg6 32. Ng3 Re1 33. Ndf5 Re5 34. Qd4 Rxf5 35. Nxf5 Qxf5 36. Qb6 Qg4+ 37. Kf2 Qf4+ 38. Kg1 Qc1+ 39. Kf2 Qd2+ 40. Kf1 Bd3+ 41. Kg1 Qe1+ 42. Kg2 Be4+ 43. Kh3 Qxc3+ 44. Kh4 Qc6 45. Qg1 Qd6 0-1

[Event "SVK-chT2C 1314"]
[Site "Slovakia"]
[Date "2014.01.12"]
[Round "6.6"]
[White "Listiak, Juraj"]
[Black "Zavarsky, Juraj"]
[Result "1-0"]
[WhiteElo "1991"]
[BlackElo "2020"]
[PlyCount "101"]
[EventDate "2013.10.19"]
[EventType "team-tourn"]
[EventRounds "11"]
[EventCountry "SVK"]
[SourceTitle "EXT 2015"]
[Source "ChessBase"]
[SourceDate "2014.11.20"]
[SourceVersion "1"]
[SourceVersionDate "2014.11.20"]
[SourceQuality "1"]
[WhiteTeam "Banska Bystrica Kurta"]
[BlackTeam "Liptovska Stiavnica"]
[WhiteTeamCountry "SVK"]
[BlackTeamCountry "SVK"]

1. e4 c5 2. Nc3 Nc6 3. g3 g6 4. Bg2 Bg7 5. d3 d6 6. Be3 Qa5 7. Qd2 Nd4 8. f4 Bd7 9. Nf3 Nxf3+ 10. Bxf3 Bc6 11. 0-0 e6 12. f5 Bd4 13. fxe6 fxe6 14. Bg4 Bd7 15. Bxd4 cxd4 16. Qf2 Nh6 17. Qxd4 Qc5 18. Qxc5 dxc5 19. Bh3 Ke7 20. Rf2 Rhf8 21. Raf1 Rxf2 22. Rxf2 Nf7 23. Kf1 Ne5 24. Ke2 g5 25. Nd1 h5 26. Ne3 b5 27. c3 c4 28. d4 Nd3 29. Rf1 Nxb2 30. d5 g4 31. Bg2 e5 32. Nf5+ Kf6 33. Nd6+ Ke7 34. Nf5+ Kf6 35. Ke3 Nd3 36. Rb1 Bxf5 37. Rf1 Nf4 38. gxf4 Bd7 39. fxe5+ Kxe5 40. Rf7 Rd8 41. Rh7 Kf6 42. Rh6+ Kg5 43. Rd6 a5 44. e5 Re8 45. Rxd7 Rxe5+ 46. Be4 b4 47. cxb4 axb4 48. Rb7 b3 49. axb3 cxb3 50. Rxb3 h4 51. d6 1-0